| 000 | 00933nam a2200313 4500 | ||
|---|---|---|---|
| 999 |
_c7043 _d7043 |
||
| 001 | 7043 | ||
| 003 | MCM | ||
| 005 | 20180418164719.0 | ||
| 008 | 700528s1960 njua b 001 0 eng | ||
| 020 | _a0136030351 | ||
| 035 | _aMITb10144475 | ||
| 035 | _a(OCoLC)00076477 | ||
| 035 | _aGLIS00144475 | ||
| 040 |
_aDLC _cDLC _dm.c. _dMYG _dBD-JhCC |
||
| 041 | _aeng | ||
| 082 |
_a658.542 _bMUN 1960 |
||
| 090 |
_aHF5549.5.P35 _bM965 1970 |
||
| 099 | _aHF5549.5.P35.M965 1970 | ||
| 100 | 1 |
_aMundel, Marvin E. _q(Marvin Everett), _d1916-1996. |
|
| 245 | 1 | 0 |
_aMotion and time study : _bprinciples and practices / _c[by] Marvin E. Mundel. |
| 250 | _a3rd ed. | ||
| 260 |
_aEnglewood Cliffs, N.J., _bPrentice-Hall _c[1960] |
||
| 300 |
_axiv, 674 p. _billus. _c24 cm. |
||
| 504 | _aBibliography: p. 596-599. | ||
| 650 | 0 | _aMotion study. | |
| 650 | 0 | _aTime study. | |
| 942 |
_2ddc _cBK |
||